| 000 -LEADER |
| fixed length control field |
00549nam a2200217Ia 4500 |
| 001 - CONTROL NUMBER |
| control field |
3072 |
| 003 - CONTROL NUMBER IDENTIFIER |
| control field |
GE_BSU |
| 008 - FIXED-LENGTH DATA ELEMENTS--GENERAL INFORMATION |
| fixed length control field |
181216s||||||||xx |||||||||||||| ||und|| |
| 040 ## - CATALOGING SOURCE |
| Transcribing agency |
GE_BSU |
| 080 ## - UNIVERSAL DECIMAL CLASSIFICATION NUMBER |
| Universal Decimal Classification number |
622.276.5.(07.32) |
| 245 ## - TITLE STATEMENT |
| Title |
Технология добычи нефти и газа |
| 245 ## - TITLE STATEMENT |
| Remainder of title |
Учебник |
| 245 ## - TITLE STATEMENT |
| Statement of responsibility, etc. |
И.В.Элияшевский.Ред.Из-ва Е.А.Пемрова |
| 260 ## - PUBLICATION, DISTRIBUTION, ETC. |
| Place of publication, distribution, etc. |
М |
| 260 ## - PUBLICATION, DISTRIBUTION, ETC. |
| Name of publisher, distributor, etc. |
Недра |
| 260 ## - PUBLICATION, DISTRIBUTION, ETC. |
| Date of publication, distribution, etc. |
1976 |
| 300 ## - PHYSICAL DESCRIPTION |
| Extent |
255 стр. |
| 300 ## - PHYSICAL DESCRIPTION |
| Other physical details |
илл. |
| 300 ## - PHYSICAL DESCRIPTION |
| Dimensions |
22см |
| 942 ## - ADDED ENTRY ELEMENTS (KOHA) |
| Koha item type |
წიგნი |